| 000 -ლიდერი |
| ფიქსირებული სიგრძის საკონტროლო ველი |
01882nam a22002657a 4500 |
| 003 - საკონტროლო ნომრის იდენტიფიკატორი |
| საკონტროლო ველი |
Ge_BSU |
| 005 - ბოლო ოპერაციის თარიღი და დრო |
| საკონტროლო ველი |
20241007163430.0 |
| 008 - ფიქსირებული სიგრძის მონაცემთა ელემენტები - ზოგადი ინფორმაცია |
| ფიქსირებული სიგრძის საკონტროლო ველი |
241007s2022 ge ||||| |||| 00| 0 geo d |
| 020 ## - წიგნის საერთაშორისო სტანდარტული ნომერი |
| International Standard Book Number |
1987-9288 |
| 041 ## - ენის კოდი |
| Language code of text/sound track or separate title |
geo |
| 080 ## - უნივერსალური ათობითი კლასიფიკაციის ინდექსი |
| Universal Decimal Classification number |
001(479.22)(058) წ-35 |
| 245 ## - ცნობა სათაურის შესახებ |
| Title |
წელიწდეული : |
| Remainder of title |
XIV. ეძღვნება აფხაზეთის ასსრ მეცნიერების დამსახურებულ მოღვაწეს, ენათმეცნიერს, ლიტერატორს, აფხაზოლოგ ბაგრატ ჯანაშიას / |
| Statement of responsibility, etc |
სარედ. საბჭო : ნ. ბართაია, ლ. ბებურიშვილი, მ. ბერიძე და სხვ.; პროექტის რედ. გ. ქობალიანი; ქუთაისის ილია ჭავჭავაძის სახელობის საჯარო ბიბლიოთეკა. |
| 264 ## - წარმოების, გამოცემის, დისტრიბუციის და სხვა ცნობები |
| გამოცემის, წარმოების, დისტრიბუციის... ადგილი |
ქუთაისი, |
| გამოცემის, წარმოების, დისტრიბუციის... თარიღი |
2022. |
| 300 ## - ფიზიკური აღწერა |
| Extent |
386 გვ. ; |
| Other physical details |
24 სმ. |
| 504 ## - BIBLIOGRAPHY, ETC. NOTE |
| Bibliography, etc |
ბიბლიოგრაფია სტატიების ბოლოს |
| 653 ## - INDEX TERM--UNCONTROLLED |
| Uncontrolled term |
წელიწდეული |
| 653 ## - INDEX TERM--UNCONTROLLED |
| Uncontrolled term |
ბაგრატ ჯანაშია |
| 700 ## - ADDED ENTRY--PERSONAL NAME |
| Personal name |
ბართაია, ნ. |
| Relator term |
რედაქტორი |
| 9 (RLIN) |
23324 |
| 700 ## - ADDED ENTRY--PERSONAL NAME |
| Personal name |
ბებურიშვილი, ლ. |
| Relator term |
რედაქტორი |
| 9 (RLIN) |
23074 |
| 700 ## - ADDED ENTRY--PERSONAL NAME |
| Personal name |
ბერიძე, მ. და სხვ.; |
| Relator term |
რედაქტორი |
| 9 (RLIN) |
23325 |
| 700 ## - ADDED ENTRY--PERSONAL NAME |
| Personal name |
ქობალიანი, გ. |
| Relator term |
პროექტის რედ. |
| 9 (RLIN) |
14101 |
| 710 ## - ADDED ENTRY--CORPORATE NAME |
| Corporate name or jurisdiction name as entry element |
ქუთაისის ილია ჭავჭავაძის სახელობის საჯარო ბიბლიოთეკა. |
| 9 (RLIN) |
23326 |
| 773 ## - HOST ITEM ENTRY |
| Title |
ნაჩუქარი |
| 942 ## - ADDED ENTRY ELEMENTS (KOHA) |
| Source of classification or shelving scheme |
|
| Koha item type |
წიგნი |